000 00563nam a2200181Ia 4500
008 151202s9999||||xx |||||||||||||| ||und||
082 _bPNVM-40405
100 _aदेशपांडे पु.ल.
245 _aअंमलदार.
260 _b"श्री विद्या प्रकाशन, पुणे."
260 _c1993
300 _a93
600 _aदेशपांडे पु.ल.
630 _aअंमलदार.
700 _aदेशपांडे पु.ल.
730 _aअंमलदार.
942 _cBOOK
999 _c1306357
_d1306354